| 000 | 01370nam a2200289 i 4500 | ||
|---|---|---|---|
| 001 | 180885 | ||
| 003 | ES-MaACL | ||
| 005 | 20230930212934.0 | ||
| 008 | 120807s2010 sp m |||| | spa d | ||
| 020 | _a978-84-7943-382-6 | ||
| 080 | _a342.4(4-672 UE) | ||
| 245 | 0 | 0 |
_aConstituciones de los 27 Estados miembros de la Unión Europea / _ccoordinadora de la edición, María Rosa Ripollés Serrano ; autores, María Fuencisla Alcón Yustas, María Isabel Álvarez Vélez, Ignacio de Carbajal Iranzo ... [et al.]. |
| 246 | 1 | 5 | _aConstitutions of the 27 European Union Member States |
| 246 | 3 | 8 | _aConstituciones de los Estados miembros de la Unión Europea |
| 260 |
_aMadrid : _bCongreso de los Diputados, Departamento de Publicaciones, _c[2010] |
||
| 300 |
_a431 p. ; _c24 cm + _e1 CD-ROM. |
||
| 546 | _aPortada adicional y texto también en inglés. | ||
| 650 | 0 | 7 |
_aDerecho constitucional- _zPaíses de la Unión Europea. _911683 |
| 700 | 1 |
_aRipollés Serrano, María Rosa. _9151243 |
|
| 700 | 1 |
_aAlcón Yustas, María Fuencisla. _9151244 |
|
| 710 | 1 |
_aEspaña. _bCortes Generales. _bCongreso. _93671 |
|
| 852 |
_aES-MaACL _jA-12164 _9187763 _bR.147110 _cDEPO1 _dOlim: N-5169 _xDonación: Real Academia Española |
||
| 852 | 1 |
_aBA _jROT 2/6/25 _z(CD-ROM) |
|
| 912 |
_96336 _aReal Academia Española |
||
| 942 |
_2udc _cMONOGRAFIA |
||
| 999 |
_c180885 _d180885 |
||